Master The Stock Market/ (Record no. 202165)

MARC details
000 -LEADER
fixed length control field 00548nam a22001817a 4500
005 - DATE AND TIME OF LATEST TRANSACTION
control field 20240507152326.0
010 ## - LCCN (DPL NO)
LC control number ENG-140143
020 ## - INTERNATIONAL STANDARD BOOK NUMBER
Terms of availability 150.00
International Standard Book Number 9789350831731
035 ## - SYSTEM CONTROL NUMBER
System control number EN-123675
037 ## - SOURCE OF ACQUISITION
Source of stock number/acquisition DBAD
082 ## - DEWEY DECIMAL CLASSIFICATION NUMBER
Classification number 332.6427
100 ## - MAIN ENTRY--PERSONAL NAME
Personal name Dutt, Ashu
245 ## - TITLE STATEMENT
Title Master The Stock Market/
Statement of responsibility, etc Edited by Ashu Dutt
260 ## - PUBLICATION, DISTRIBUTION, ETC. (IMPRINT)
Place of publication, distribution, etc New Delhi
Name of publisher, distributor, etc Diamond Pocket Books (P) Ltd.
Date of publication, distribution, etc 2012
270 ## - ADDRESS
City New Delhi
Address X-30, Okhla Industrial Area, Phase-II
Postal code 110020
300 ## - PHYSICAL DESCRIPTION
Extent 125p.
Dimensions 22cm(pbk)
942 ## - ADDED ENTRY ELEMENTS (KOHA)
Source of classification or shelving scheme Dewey Decimal Classification
Item type English Books
Classification part 332.6427
Call number suffix DUT
Holdings
Withdrawn status Lost status Not for loan Collection code Home library Current library Date acquired Source of acquisition Cost, normal purchase price Full call number Barcode Copy number Cost, replacement price Koha item type
      Non-fiction Ashok Vihar Ashok Vihar 15/04/2024 DBAD 150.00 332.6427 DUT EN-123675 1 150.00 English Books

© Delhi Public Library
Hit Counter
free hit counter